Study and evaluation on various important characteristics of old latosols-soil for rubber replantation at chup plantation ការស្រាវជ្រាវពីការសិក្សានិងវាយតំលៃអំពីលក្ខណៈសំខាន់ៗរបស់ដីក្រហមនៅលើចំការកៅស៊ូចាស់ត្រូវកាប់ដាំឡើងវិញនៅចំការកៅស៊ូជុប (Record no. 444)

000 -LEADER
fixed length control field 00820nam a22001577a 4500
003 - CONTROL NUMBER IDENTIFIER
control field OSt
005 - DATE AND TIME OF LATEST TRANSACTION
control field 20150914152455.0
008 - FIXED-LENGTH DATA ELEMENTS--GENERAL INFORMATION
fixed length control field 150914b xxu||||| |||| 00| 0 eng d
040 ## - CATALOGING SOURCE
Transcribing agency RUA
082 ## - DEWEY DECIMAL CLASSIFICATION NUMBER
Classification number AGR CHH 1999 B024 Or.1
100 ## - MAIN ENTRY--PERSONAL NAME
9 (RLIN) 466
Personal name CHHONG, SOPHAL.
245 ## - TITLE STATEMENT
Title Study and evaluation on various important characteristics of old latosols-soil for rubber replantation at chup plantation ការស្រាវជ្រាវពីការសិក្សានិងវាយតំលៃអំពីលក្ខណៈសំខាន់ៗរបស់ដីក្រហមនៅលើចំការកៅស៊ូចាស់ត្រូវកាប់ដាំឡើងវិញនៅចំការកៅស៊ូជុប
260 ## - PUBLICATION, DISTRIBUTION, ETC. (IMPRINT)
Place of publication, distribution, etc. PhnomPenh
Name of publisher, distributor, etc. RUA
Date of publication, distribution, etc. 1999
300 ## - PHYSICAL DESCRIPTION
Extent 60p.
Other physical details ill.
Dimensions 29cm.
942 ## - ADDED ENTRY ELEMENTS (KOHA)
Source of classification or shelving scheme
Koha item type AGR
Holdings
Price effective from Date last seen Permanent Location Not for loan Date acquired Source of classification or shelving scheme Koha item type Barcode Lost status Damaged status Shelving location Withdrawn status Current Location Full call number
2015-09-142015-09-14Library Block B 2015-09-14 AGRRUA003433  B024 Library Block BAGR CHH 1999 B024 Or.1
2015-09-142015-09-14Library Block B 2015-09-14 AGRRUA003290  B024 Library Block BAGR CHH 1999 B024 Or.2
2015-09-142015-09-14Library Block B 2015-09-14 AGRRUA003434  B024 Library Block BAGR CHH 1999 B024 Or.3
2015-09-142015-09-14Library Block B 2015-09-14 AGRRUA003366  B024 Library Block BAGR CHH 1999 B024 Or.4
2015-09-142015-09-14Library Block B 2015-09-14 AGRRUA003291  B024 Library Block BAGR CHH 1999 B024 Or.5
2015-09-142015-09-14Library Block B 2015-09-14 AGRRUA003219  B024 Library Block BAGR CHH 1999 B024 Or.6
2015-09-142015-09-14Library Block B 2015-09-14 AGRRUA005301  B024 Library Block BAGR CHH 1999 B024 Or.7
មជ្ឈមណ្ឌលឯការនៃសាកលវិទ្យាល័យភូមិន្ទកសិកម្មចំការដូង

Powered by Koha